000 00807nam a22002537a 4500
001 4915
003 FISKH
005 20241204095700.0
008 241025b cb ||||| |||| 00| 0 eng d
020 _a9780152005047
040 _aFISKH
_beng
_cFISKH
_dFISKH
050 _aGV863.A1
082 _a796.357
100 _aHorenstein, Henry
_d(1947-)
245 _aBaseball in the barrios /
_cHenry Horenstein
250 _a1997
260 _aNew York :
_bHarcourt,
_c1997.
300 _a31 pages :
_bcolor illustrations ;
_c23 cm
520 _aHubaldo's life as a fifth grader in a barrio in Venezuela centers around his love for the country's most popular sport, its teams, and its players.
650 _2Baseball
_aSpanish
650 _2Non-fiction
_aInformational
942 _2ddc
_cBK
_n0
999 _c4915
_d4915